000 00809nam a22002537a 4500
008 130821s2005 ck gr aspa
020 _a9789707808232
040 _aCo-BoUCM
_bspa
041 0 0 _aspa
100 1 _aFrank, Ana
_d1929-1945
_9165219
245 1 0 _aDiario
_cAna Frank ; traducción de Diego Puls
260 _aBogotá (Colombia)
_b[Editorial desconocida]
_c2005
300 _a377 páginas
490 0 _aContemporánea
_v166/1
650 0 4 _aAntisemitismo
_99173
650 0 4 _aAutobiografías
_vDiarios íntimos
_99766
650 0 4 _aBiografías
_97343
650 0 4 _aDiarios íntimos
_913194
650 0 4 _aJudíos en Europa
_918104
700 1 _aPuls, Diego
_etrad.
_9158038
765 _tHet achterhuis
942 _cLIBRO
_a19
_e1
_mF828d
_2DEWEY
_h920.72
999 _c67693
_d67693